000 00589cam a2200145 4500500
005 20251228082905.0
041 _afre
042 _adc
100 1 0 _aGreiner, Frank
_eauthor
245 0 0 _aStéphane Macé, L’Éden perdu. La pastorale dans la poésie française de l’âge baroque, Paris, Honoré Champion, 2002. Un vol. 16 × 24 cm de 437 p.
260 _c2005.
500 _a61
786 0 _nDix-septième siècle | 228 | 3 | 2005-09-01 | p. 563d-574d | 0012-4273
856 4 1 _uhttps://shs.cairn.info/revue-dix-septieme-siecle-2005-3-page-563d?lang=fr&redirect-ssocas=7080
999 _c1600022
_d1600022